Asian market economies : Challenges of a changing international environment

Challenges of a changing International environment Asian market economies

Guardat en:
Dades bibliogràfiques
Autor principal: Garnaut, Ross
Format: Llibre
Idioma:Undetermined
Publicat: Singapore ASEAN Economic Research Unit, Institute of Southeast Asian Studies 1994
Matèries:
Etiquetes: Afegir etiqueta
Sense etiquetes, Sigues el primer a etiquetar aquest registre!
Thư viện lưu trữ: Trung tâm Học liệu Trường Đại học Cần Thơ
LEADER 00850nam a2200217Ia 4500
001 CTU_222593
008 210402s9999 xx 000 0 und d
082 |a 337.95 
082 |b G234 
100 |a Garnaut, Ross 
245 0 |a Asian market economies : 
245 0 |b Challenges of a changing international environment 
245 0 |c Ross Garnaut 
260 |a Singapore 
260 |b ASEAN Economic Research Unit, Institute of Southeast Asian Studies 
260 |c 1994 
520 |a Challenges of a changing International environment Asian market economies 
650 |a Châu Á,Asia,Asia,Châu Á,Asia 
650 |x Điều kiện kinh tế,Economic conditions,Economic conditions,Hợp tác kinh tế nước ngoài,Foreign economic relations 
904 |i Hải 
980 |a Trung tâm Học liệu Trường Đại học Cần Thơ